LEADER 01013nam0 2200277 450 001 000013199 005 20080618110031.0 100 $a20080618d1987----km-y0itay50------ba 101 0 $aita 102 $aIT 105 $ay-------001yy 200 1 $a<>agricoltura italiana$equadro economico, integrazione negli scambi internazionali e politiche di intervento$f[a cura della] Banca d'Italia 210 $aRoma$cBanca d'Italia$d1987 215 $aVIII, 261 p.$d24 cm 225 2 $aContibuti all'analisi economica$x1120-0871 410 0$12001$aContibuti all'analisi economica 610 1 $aAgricoltura$aItalia$a1970-1986 610 1 $aComunità economica europea$aPolitica agraria 676 $a338.10945$v20$9Agricoltura. Italia 676 $a630$v19$9Agricoltura e tecniche connesse 712 02$aBanca d'Italia :$bServizio studi 801 0$aIT$bUNIPARTHENOPE$c20080618$gRICA$2UNIMARC 912 $a000013199 951 $a126/110$b6228$cNAVA2 996 $aAgricoltura italiana$9211685 997 $aUNIPARTHENOPE LEADER 01138nam0 22002891i 450 001 UON00463066 005 20231205105132.525 100 $a20160112d1961 |0itac50 ba 101 $aita 102 $aIT 105 $a|||| 1|||| 200 1 $aTre studi danteschi$fEdoardo Sanguineti 210 $aFirenze$cLe Monnier$d1961 215 $a109 p.$d20 cm. 316 $aValore stimato$5IT-UONSI ITAII/1652 410 1$1001UON00297850$12001 $aSaggi di letteratura italiana$1210 $aFirenze$cLe Monnier$d19-$v13 606 $aAlighieri Dante$xStudi$3UONC077101$2FI 620 $aIT$dFirenze$3UONL000052 676 $a851.1$cPoesia italiana. Primo periodo, fino al 1375$v21 700 1$aSANGUINETI$bEdoardo$3UONV013953$039564 712 $aLe Monnier$3UONV249266$4650 801 $aIT$bSOL$c20250606$gRICA 899 $aSIBA - SISTEMA BIBLIOTECARIO DI ATENEO$2UONSI 912 $aUON00463066 950 $aSIBA - SISTEMA BIBLIOTECARIO DI ATENEO$dSI ITA II 1652 $eSI LO 14678 7 1652 Valore stimato 996 $aTre studi danteschi$9142584 997 $aUNIOR